| 000 | 00000nam##2200000za#4500 |
| 001 | 9.687542 |
| 003 | CaOODSP |
| 005 | 20210927150433 |
| 007 | cr ||||||||||| |
| 008 | 150407|2005||||xxc|||||o f|0| 0 eng|d |
| 020 | |a0-662-40406-8 |
| 040 | |aCaOODSP|beng |
| 043 | |an-cn--- |
| 086 | 1 |aR2-401/2005E-PDF |
| 110 | 1 |aCanada. |bIndian and Northern Affairs Canada. |
| 245 | 10|aArticle 23 - Inuit employment plan, 2002-2007 |h[electronic resource] |
| 260 | |aOttawa - Ontario : |bIndian and Northern Affairs |c2005. |
| 300 | |a208p.|btables |
| 500 | |aContents: Umbrella agreement - Appendix A: Recommendations - Appendix B: Statistics. |
| 590 | |a07-03-Supp|b2007-04-05 |
| 690 | 07|aEmployment|2gcpds |
| 690 | 07|aInuit|2gcpds |
| 775 | 08|tArticle 23 - Inuit employment plan, 2002-2007 |w(CaOODSP)9.674415 |
| 775 | 08|tChapitre 23 - plan d'embauchage des Inuit, 2002-2007 |w(CaOODSP)9.674416 |
| 775 | 08|tChapitre 23 - plan d'embauchage des Inuit, 2002-2007 |w(CaOODSP)9.631990 |
| 856 | 40|ahttp://publications.gc.ca|qPDF|s1720 KB|uhttps://publications.gc.ca/collections/Collection/R2-401-2005E.pdf |